[Event "ICS rated blitz match"]
[Site "207.99.83.227"]
[Date "1999.05.15"]
[Round "?"]
[White "Hossa"]
[Black "inmortal"]
[Result "0-1"]
[WhiteElo "2532"]
[BlackElo "2338"]
[Annotator "Crafty v16.6"]
[PlyCount "63"]

{annotating for player ossa using a scoring margin of +0.20 pawns. search time
limit is 1:00} 1. e4 1... e5 2. f4 d5 3. exd5 e4 4. Nc3 Nf6 5. Bb5+ c6 6. dxc6
bxc6 7. Ba4 Bc5 8. Nge2 O-O 9. Bb3 a5 10. a3 Ba6 11. Rf1 ({9:-0.16} 11. Rf1
11... Qd6 12. Na4 Nbd7 13. Nxc5 Nxc5 14. Ba2 Nh5 15. g3 15... Rad8 $10) ({
9:+0.21} 11. Na4 11... Nbd7 12. Nxc5 Nxc5 13. Ba2 Ng4 14. Ng1 Qh4+ 15. g3 Qh5
16. h3 16... Bc8 $10) 11... Nbd7 12. g3 Re8 13. h3 Nb6 14. Rh1 a4 15. Ba2 Qd7
16. Bb1 Rad8 17. Kf1 ({9:-1.76} 17. Kf1 17... e3 18. d3 Ne4 19. Nxe4 Rxe4 20.
Ke1 Bc4 21. b3 axb3 22. cxb3 $19) ({9:-0.97} 17. Ba2 17... e3 18. d3 Bb7 19. g4
Qd6 20. d4 Qc7 21. d5 $17) 17... Nh5 18. Kg2 Nc4 19. Nxa4 ({9:-0.35} 19. Nxa4
19... Ba7 20. Nac3 Nxd2 21. g4 Nxb1 22. Qxd7 Rxd7 23. Rxb1 23... Nf6 $15) ({
9:-0.05} 19. g4 19... Nf6 20. g5 Nh5 21. Nxa4 Be3 22. d4 Bxc1 23. Qxc1 23...
Qd5 $10) 19... Ba7 20. d3 ({10:-4.76} 20. d3 20... exd3 21. Nac3 d2 22. Bxd2
Nxb2 23. Qe1 Qxd2 24. Ra2 Bxe2 25. Qxd2 Rxd2 26. Rxb2 $19) ({10:-0.46} 20. Nac3
20... Nxd2 21. g4 Nf6 22. Ba2 Be3 23. Bxd2 Bxd2 24. Nd5 Nxd5 25. Qxd2 $15)
20... exd3 21. Nac3 dxe2 22. Qxd7 Rxd7 23. Re1 Ne3+ 24. Bxe3 ({10:-7.09} 24.
Bxe3 24... Rxe3 25. Kh2 Nxg3 26. Nxe2 Rxe2+ 27. Rxe2 Nxe2 28. f5 Bb8+ 29. Kg2
Nf4+ 30. Kg3 Nd3+ 31. Kf3 31... Nxb2 $19) ({10:-6.27} 24. Kf3 24... Nf5 25. Ne4
Rd1 26. Bd2 Rxe4 27. Kxe4 Nhxg3+ 28. Kf3 Rxd2 29. Ba2 $19) 24... Rxe3 25. Ba2 (
{9:-7.79} 25. Ba2 25... Rxg3+ 26. Kh2 Re3 27. Nxe2 Bxe2 28. Rg1 Nxf4 29. Rg3
29... Bf3 $19) ({9:-7.06} 25. Kh2 25... Nxg3 26. Kg2 Nh5 27. Nxe2 Rxe2+ 28.
Rxe2 Nxf4+ 29. Kf3 Nxe2 30. Ba2 $19) 25... Rxg3+ 26. Kh2 Rf3 27. Ne4 Rxf4 28.
Nc3 ({9:-12.22} 28. Nc3 28... Rf2+ 29. Kg1 Rd1 30. Rb1 Rxb1 31. Nxb1 Rf1+ 32.
Kh2 Rxe1 33. Nc3 Bb8+ 34. Kg2 Rg1+ 35. Kxg1 35... e1=Q+ $19) ({9:-10.23} 28. c4
28... Rxe4 29. Bb1 Re5 30. b3 Bf2 31. Bf5 Rxf5 32. Rxe2 $19) 28... Rf1 29. Nxe2
({11:-Mat06} 29. Nxe2 29... Rf2+ 30. Kh1 Bxe2 31. Kg1 Rd2 32. h4 Rf3+ 33. Kh2
Bf1+ 34. Kh1 34... Rh3# $19) ({11:-12.34} 29. Rxe2 29... Bxe2 30. Rxf1 Bxf1 31.
Ne4 Rd1 32. Bb3 Bb8+ 33. Kg1 Bd3+ 34. Kf2 Bxe4 35. Ke2 35... Rd4 $19) 29...
Rxe1 30. Rxe1 Rd2 31. c4 Rxb2 32. Bb3 0-1

[Event "ICS rated blitz match"]
[Site "207.99.83.227"]
[Date "1999.05.15"]
[Round "?"]
[White "Hossa"]
[Black "RagingBull"]
[Result "1-0"]
[WhiteElo "2508"]
[BlackElo "2182"]
[PlyCount "52"]

1. e4 e5 2. f4 exf4 3. Nf3 d5 4. Nc3 dxe4 5. Nxe4 Nf6 6. Nxf6+ Qxf6 7. d4 Bd6
8. Bd3 O-O 9. O-O Bf5 10. Bxf5 Qxf5 11. Nd2 Nc6 12. Nc4 Nb4 13. Nxd6 cxd6 14.
Bxf4 Qxc2 15. Bxd6 Qxd1 16. Raxd1 Nd5 17. Bxf8 Kxf8 18. Kf2 f6 19. a4 Ke7 20.
Rd3 Kd7 21. Rg3 g6 22. Rb3 b6 23. Rh3 h5 24. Rg3 Rg8 25. h4 Ne7 26. Kg1 26...
f5 {RagingBull resigns} 1-0

[Event "ICS rated blitz match"]
[Site "207.99.83.227"]
[Date "1999.05.15"]
[Round "?"]
[White "Hossa"]
[Black "TinyTim"]
[Result "1-0"]
[WhiteElo "2516"]
[BlackElo "2449"]
[Annotator "Fritz 5.32 (15s)"]
[PlyCount "20"]

1. e4 Nc6 2. d4 2... b6 $146 (2... d5 3. e5 (3. Nc3 Nf6 4. e5 Nd7 5. Nf3 Nb6 6.
Be3 Bf5 7. Nh4 Be6 8. a4 Nb4 9. b3 a6 10. a5 Nd7 11. Ra4 c5 12. f4 b5 13. axb6
Nxb6 14. f5 Nxa4 15. Nxa4 cxd4 16. Bxd4 Bd7 17. e6 17... Bxa4 {
Popa,F-Genocchio,D/Podova ITA 1998/1-0 (37)}) 3... Bf5 4. f4 e6 5. Nf3 Nb4 6.
Bd3 Nxd3+ 7. cxd3 c5 8. dxc5 Bxc5 9. Qa4+ Qd7 10. Qxd7+ Kxd7 11. d4 Be7 12. Nc3
h5 13. Be3 Nh6 14. h3 Bg6 15. Rc1 Nf5 16. Bf2 h4 17. O-O {
Roga.P-Brydon.D/cr AUS-GB 1992/0-1 (32)}) (2... f5 3. exf5 d5 4. Qh5+ g6 5. Bb5
{0-1 talpa-Hawkeye/Internet Chess Club 1998 (5)}) (2... e5 3. d5 Nce7 4. Nc3
Ng6 5. g3 Bc5 6. h4 d6 7. h5 N6e7 8. h6 Ng6 9. hxg7 Qf6 10. Bb5+ Bd7 11. Bxd7+
Kxd7 12. Qg4+ Ke8 13. Qe2 Qxg7 14. Qb5+ Ke7 15. Qxb7 Nf6 16. Bh6 Qg8 17. Qxc7+
Nd7 18. Bg5+ Ke8 19. Nb5 f6 20. Be3 {
1-0 Steinhart,K-Lauer,R/Untergrombach GER 1999 (20)}) (2... d6 3. Nf3 Nf6 4.
Nc3 g6 5. h3 Bg7 6. Bg5 h6 7. Be3 O-O 8. Qd2 Kh7 9. Be2 a6 10. h4 h5 11. Ng5+
Kg8 12. f3 e5 13. d5 Nd4 14. O-O-O c6 15. g4 hxg4 16. Rdg1 gxf3 17. h5 {
Baron Rodriguez,J-Urban,K/Groningen NED 1998/ - (42)}) 3. Nf3 d5 4. Bb5 Bb7 5.
Ne5 Qd6 6. exd5 Qxd5 7. Qf3 Qxf3 8. gxf3 f6 9. Bxc6+ Bxc6 10. Nxc6 e6 1-0

[Event "ICS Rated blitz match"]
[Site "207.99.83.227"]
[Date "1999.05.15"]
[Round "?"]
[White "razzle"]
[Black "Hossa"]
[Result "1-0"]
[WhiteElo "2801"]
[BlackElo "2540"]
[Annotator "Crafty v16.6"]
[PlyCount "125"]

{annotating for player ossa using a scoring margin of +0.20 pawns. search time
limit is 1:00} 1. e4 1... e5 2. Nc3 Bb4 3. Nd5 Ba5 4. Qg4 g6 5. Qf3 c6 6. Ne3
Nf6 7. Nc4 Bc7 8. d4 Nxe4 9. dxe5 d5 10. exd6 Nxd6 11. Bh6 Nf5 12. Bd2 O-O 13.
O-O-O Nd4 14. Qc3 Re8 15. Kb1 c5 ({9:-0.34} 15... c5 16. Be3 Nb5 17. Qe1 Qf6
18. Qd2 Rd8 19. Bd3 19... Nd7 $14) ({9:-0.05} 15... Nb5 16. Qd3 Qxd3 17. Bxd3
Na6 18. Nf3 Nc5 19. Bf1 Bg4 20. Bh6 $10) 16. Ne3 Qd6 17. h4 Nbc6 18. h5 gxh5 ({
9:-1.09} 18... gxh5 19. Rxh5 Ne5 20. f4 Ng6 21. g3 Bb6 22. Rd5 Qe6 23. Bc4 $16)
({9:-0.40} 18... g5 19. h6 Be6 20. Nf3 f6 21. Nc4 Qd5 22. Nxd4 $14) 19. Rxh5
Ne5 20. Nc4 Qc6 ({8:-1.24} 20... Qc6 21. Re1 Nxc4 22. Rxe8+ Qxe8 23. Rg5+ Kh8
24. Bxc4 Be5 25. Qd3 25... Bd7 $16) ({8:-0.99} 20... Qf6 21. Qg3+ Ng6 22. Qxc7
Bg4 23. Be2 Nxe2 24. Rxc5 Qxf2 25. Nxe2 25... Qxe2 $16) 21. Ne2 Nxc4 22. Rg5+
Kf8 23. Qxc4 Nf5 24. Rh5 Kg8 25. Bc3 Qg6 26. g4 Ng7 27. Bxg7 Qxg7 ({9:-1.85} 
27... Qxg7 28. Qxc5 Rd8 29. Rxd8+ Bxd8 30. Qd5 Bxg4 31. Qxb7 Rc8 32. Rd5 32...
Bf6 $18) ({9:-1.57} 27... Kxg7 28. Qxc5 Bb6 29. Qc3+ f6 30. f3 Re3 31. Qb4 Rxf3
32. Qe7+ 32... Kg8 $18) 28. Qxc5 Rd8 29. Rxd8+ Bxd8 30. f3 Bf6 ({10:-2.35} 
30... Bf6 31. Qd5 Qf8 32. Qe4 h6 33. Nf4 Qd6 34. Nd5 Bg5 35. Bc4 $18) ({
10:-1.81} 30... Qf6 31. Rh3 h6 32. Qd5 Bc7 33. Qd2 Qd6 34. Qxd6 Bxd6 35. Rxh6
35... Be6 $18) 31. Nf4 Bd7 32. Bb5 Re8 33. Nd3 b6 34. Qb4 a5 35. Qd6 Bxb5 36.
Rxb5 Bd4 37. Qd7 Rf8 38. Rd5 Bf6 39. Qd6 Qg6 40. Qxb6 Bd8 41. Qd4 Bc7 42. Qc5
Bb6 43. Qe7 f6 44. Rd7 Qf7 45. Qd6 Qe8 46. Re7 Qd8 47. Qe6+ Kh8 48. Qe4 Rf7 49.
Rxf7 Qg8 50. Rxf6 Bd8 51. Re6 Qg5 52. Qd4+ Kg8 53. Re8+ Kf7 54. Ne5+ Kg7 55.
Qd7+ Kh6 56. Nf7+ Kg6 57. Rg8+ Kf6 58. Qxd8+ Kxf7 59. Qe8+ Kf6 60. Rf8+ Kg7 61.
Rf7+ Kh6 62. Qf8+ Kg6 63. Qg7# 1-0

[Event "ICS rated blitz match"]
[Site "207.99.83.227"]
[Date "1999.05.15"]
[Round "?"]
[White "Hossa"]
[Black "SuperChicken"]
[Result "1/2-1/2"]
[WhiteElo "2534"]
[BlackElo "2828"]
[PlyCount "215"]

1. e4 c5 2. Nc3 Nc6 3. Nf3 d6 4. d4 cxd4 5. Nxd4 Nf6 6. Bb5 Bd7 7. O-O e6 8.
Be2 Nxd4 9. Qxd4 Be7 10. Re1 O-O 11. e5 dxe5 12. Qxe5 Bc6 13. Rd1 Qb8 14. Qxb8
Rfxb8 15. Be3 Rc8 16. Rac1 Bb4 17. Nb5 Nd5 18. Bg5 f6 19. Bd2 Bxd2 20. Rxd2 Nf4
21. Bf1 Rd8 22. Rcd1 Rxd2 23. Rxd2 Kf7 24. Nd6+ Ke7 25. c4 Rd8 26. c5 a5 27.
Rd4 g5 28. g3 Ng6 29. a3 Ne5 30. Bg2 Bxg2 31. Kxg2 Nf7 32. Ra4 Nxd6 33. cxd6+
Kxd6 34. Rxa5 Kc6 35. a4 Rd4 36. Ra8 Rb4 37. Rf8 f5 38. Re8 Kd6 39. a5 Rxb2 40.
Rh8 g4 41. Rxh7 Kd5 42. h4 gxh3+ 43. Kxh3 Rxf2 44. Rxb7 Ra2 45. Ra7 Ra3 46. Kh4
Ra4+ 47. Kh3 Kd4 48. Ra8 Ke4 49. Ra6 e5 50. Ra8 Ra3 51. Kh4 Rb3 52. a6 Ra3 53.
a7 Kf3 54. Rf8 Rxa7 55. Rxf5+ Kg2 56. Rxe5 Rh7+ 57. Kg5 Kxg3 58. Rf5 Rh1 59.
Rf4 Ra1 60. Rg4+ Kf2 61. Rh4 Ra3 62. Rh2+ Kf1 63. Rh1+ Ke2 64. Rg1 Ra5+ 65. Kh4
Kd3 66. Rh1 Ra2 67. Rg1 Kc4 68. Rh1 Kb3 69. Rg1 Ka4 70. Rh1 Ka3 71. Rg1 Kb4 72.
Rh1 Kc3 73. Rf1 Rc2 74. Rh1 Kb2 75. Rg1 Kb3 76. Rh1 Rd2 77. Rf1 Rd3 78. Rg1 Ka2
79. Rh1 Rd4+ 80. Kh5 Kb2 81. Rg1 Rc4 82. Rh1 Rc2 83. Rg1 Rc3 84. Rh1 Kb3 85.
Rg1 Rc4 86. Rf1 Rc5+ 87. Kh6 Ka2 88. Rg1 Kb2 89. Rh1 Rc2 90. Rg1 Kb3 91. Rh1
Ka2 92. Rg1 Rc3 93. Rh1 Rc4 94. Rg1 Rc5 95. Rh1 Kb2 96. Re1 Rc6+ 97. Kh7 Rc4
98. Rf1 Kb3 99. Rg1 Ka3 100. Rh1 Ka2 101. Rg1 Ra4 102. Rh1 Rb4 103. Rg1 Rb2
104. Rh1 Rg2 105. Rf1 Rh2+ 106. Kg8 Kb2 107. Rg1 Kc2 108. Re1 {
Game drawn by the 50 move rule} 1/2-1/2

[Event "ICS rated blitz match"]
[Site "207.99.83.227"]
[Date "1999.05.15"]
[Round "?"]
[White "Hossa"]
[Black "JudgeTurpin"]
[Result "1/2-1/2"]
[WhiteElo "2545"]
[BlackElo "2653"]
[PlyCount "133"]

1. e4 e5 2. f4 exf4 3. Nf3 Be7 4. Nc3 Nf6 5. d3 d5 6. Bxf4 Bb4 7. e5 Ng4 8. d4
Bxc3+ 9. bxc3 h5 10. Bd3 c5 11. O-O Nc6 12. h3 Nh6 13. Qe1 Qa5 14. Qg3 Nf5 15.
Qg5 Nce7 16. Bd2 c4 17. Bxf5 Nxf5 18. Ne1 g6 19. Qf6 Rf8 20. Bg5 Qc7 21. Rf3 a5
22. Bf4 Ra6 23. Qg5 Qb6 24. Rd1 Qb2 25. a4 Qa2 26. Rd2 Qxa4 27. Bh2 Qa1 28. Re2
a4 29. Kh1 Qd1 30. Qd2 Qb1 31. e6 Rxe6 32. Bc7 a3 33. Rxf5 gxf5 34. Qg5 Kd7 35.
Rxe6 fxe6 36. Qg7+ Ke8 37. Bd6 Rf7 38. Qg8+ Kd7 39. Bxa3 Qxe1+ 40. Kh2 Re7 41.
Bxe7 Kxe7 42. Qxc8 b6 43. Qc7+ Kf6 44. Qd8+ Kf7 45. Qd7+ Kg8 46. Qe8+ Kg7 47.
Qxh5 Qxc3 48. Qg5+ Kf7 49. Qh5+ Ke7 50. Qg5+ Kd7 51. Qg7+ Kc6 52. Qe5 Kd7 53.
Qg7+ Kd6 54. Qf8+ Kd7 55. Qf7+ Kd6 56. Qf8+ Kc6 57. Qe8+ Kd6 58. Qd8+ Kc6 59.
Qc8+ Kd6 60. Qb8+ Kc6 61. Qa8+ Kb5 62. Qe8+ Ka5 63. Qa8+ Kb4 64. Qf8+ Ka5 65.
Qa8+ Kb5 66. Qe8+ Ka5 67. Qa8+ {Game drawn by repetition} 1/2-1/2

[Event "ICS rated blitz match"]
[Site "207.99.83.227"]
[Date "1999.05.15"]
[Round "?"]
[White "Hossa"]
[Black "JudgeTurpin"]
[Result "0-1"]
[WhiteElo "2550"]
[BlackElo "2648"]
[Annotator "Crafty v16.6"]
[PlyCount "129"]

{annotating for player ossa using a scoring margin of +0.20 pawns. search time
limit is 1:00} 1. e4 1... d5 2. exd5 Qxd5 3. Nc3 Qa5 4. Nf3 Nf6 5. Bc4 ({
10:+0.16} 5. Bc4 5... Bg4 6. Bb5+ Nbd7 7. O-O O-O-O 8. Re1 Qb4 9. d3 Qd6 10.
Bg5 $10) ({10:+0.53} 5. Be2 5... Bd7 6. O-O Nc6 7. Bb5 O-O-O 8. Re1 Nd5 9. Qe2
9... Nf4 $14) 5... Bg4 6. O-O e6 7. d4 Nc6 8. Bb5 O-O-O 9. Bxc6 bxc6 10. Qd3
Bxf3 11. Qxf3 Rxd4 12. Be3 ({10:+0.49} 12. Be3 12... Rc4 13. Qe2 Rb4 14. Rab1
Rb7 15. Qc4 Bb4 16. Qxc6 Bxc3 17. bxc3 Rxb1 18. Rxb1 18... Qxa2 $14) ({10:+1.24
} 12. Qxc6 12... Qb6 13. Qf3 Qb7 14. Qe3 Bc5 15. Qe5 Rg4 16. g3 16... Qc6 $16)
12... Rc4 13. a4 ({9:+0.12} 13. a4 13... Bd6 14. Qe2 Rb4 15. Bc1 Nd5 16. Qd3
Kb8 17. Nxd5 17... Qxd5 $10) ({9:+0.45} 13. Qe2 13... Rb4 14. Rab1 Ne4 15. Nxe4
Rxe4 16. Qd3 Ra4 17. a3 17... Qd5 $14) 13... Bd6 14. Rfd1 Ng4 15. h3 ({9:-0.14
} 15. h3 15... Nxe3 16. Qxe3 Kb8 17. Ne4 Rd8 18. Qb3+ Qb4 19. Ng5 Qxb3 20. cxb3
Rf4 21. Nxh7 $10) ({9:+0.46} 15. Bd4 15... Bxh2+ 16. Kf1 Ne5 17. Qe2 Rb4 18. g3
f6 19. Bxe5 Qxe5 20. Qxe5 20... fxe5 $14) 15... Nxe3 16. fxe3 ({10:-0.89} 16.
fxe3 16... Qe5 17. a5 Rd8 18. Kf1 Kb8 19. a6 Rb4 20. Rab1 20... f6 $17) ({
10:-0.29} 16. Qxe3 16... Kb8 17. Ne4 Qe5 18. Rxd6 Rxe4 19. Qb3+ Kc8 20. Rdd1
Rd4 21. Re1 $10) 16... Qe5 17. Rab1 ({9:-1.12} 17. Rab1 17... Qh2+ 18. Kf2 Rd8
19. Rd3 f5 20. b3 Rc5 21. b4 21... Rc4 $17) ({9:-0.89} 17. a5 17... Qh2+ 18.
Kf2 Rc5 19. Rh1 Qe5 20. Rhd1 Rf8 21. Kg1 21... Kb8 $17) 17... f5 18. Qe2 Rb4
19. Qa6+ Kb8 20. Kf2 ({10:-4.80} 20. Kf2 20... Qg3+ 21. Kg1 Qxe3+ 22. Kh1 Qf4
23. Rxd6 cxd6 24. Qd3 Rd4 25. Qa6 Rd2 26. Qxc6 26... Rxc2 $19) ({10:-1.11} 20.
Rd3 20... Qc5 21. Kf1 e5 22. a5 e4 23. Rd4 Rxd4 24. exd4 Qxd4 25. Qxc6 $17)
20... Qg3+ 21. Kg1 Qxe3+ 22. Kh1 Qe5 23. Rxd6 cxd6 24. Qd3 d5 25. Qa6 ({
10:-5.33} 25. Qa6 25... Rc4 26. Qa5 Kb7 27. Rd1 Qc7 28. Qxc7+ Kxc7 29. Rd3 d4
30. Ne2 30... e5 $19) ({10:-4.90} 25. a5 25... Rd4 26. Qf1 Re8 27. Re1 Qf4 28.
Qa6 Qf2 29. Re2 Qf1+ 30. Kh2 Qf4+ 31. Kh1 $19) 25... Rc8 26. Qd3 Rd4 27. Qf1
Qf6 28. Qe2 e5 29. Rf1 Re8 30. Qh5 g6 31. Qh6 Qh4 32. Qg7 Qe7 33. Qh6 f4 34.
Rf2 Rc4 35. a5 Kc7 36. Re2 Rb8 37. Nd1 Rd4 38. Re1 Ra4 39. a6 Re8 40. Nf2 Rb4
41. c3 Ra4 42. b4 Qf7 43. Nd3 e4 44. Nxf4 Rxa6 45. Qg5 Ra2 46. Qg3 Kc8 47. Ne2
Rf8 48. Qd6 Qf6 49. Qc5 Rf7 50. Nd4 Rc7 51. Rg1 a6 52. c4 Rd2 53. Nb3 Rd3 54.
Na5 Kd7 55. Qb6 Qd4 56. Qxa6 Qa7 57. Qxa7 Rxa7 58. Rf1 e3 59. cxd5 e2 60. dxc6+
Kc7 61. Re1 Rd1 62. Kg1 Rxe1+ 63. Kf2 Rb1 64. Kxe2 Rxb4 65. Nb7 0-1

[Event "ICS rated blitz match"]
[Site "207.99.83.227"]
[Date "1999.05.15"]
[Round "?"]
[White "Hossa"]
[Black "JudgeTurpin"]
[Result "0-1"]
[WhiteElo "2542"]
[BlackElo "2662"]
[Annotator "Crafty v16.6"]
[PlyCount "85"]

{annotating for player ossa using a scoring margin of +0.20 pawns. search time
limit is 1:00} 1. e4 1... e5 2. f4 exf4 3. Nf3 d5 4. Nc3 dxe4 5. Nxe4 Qe7 6.
Qe2 Bg4 7. d3 Bxf3 8. gxf3 Nc6 9. Bxf4 O-O-O 10. Bh3+ Kb8 11. O-O-O Nd4 12. Qe3
h6 13. c3 Ne6 14. Be5 ({9:-0.04} 14. Be5 14... Ng5 15. Nxg5 hxg5 16. Bg4 f6 17.
Bd4 Qxe3+ 18. Bxe3 Bd6 19. h3 19... Bf4 $10) ({9:+0.23} 14. Bg3 14... Nf6 15.
Nxf6 Qxf6 16. Be5 Qh4 17. Bg4 Qe7 18. Rhe1 18... Re8 $10) 14... Ng5 15. Nxg5
hxg5 16. Bg2 Qe6 17. Kb1 Nf6 18. Rde1 ({9:-0.27} 18. Rde1 18... Qf5 19. Bf1 Bd6
20. Rg1 g4 21. Bxf6 Qxf6 22. Rxg4 22... Rxh2 $10) ({9:+0.10} 18. Rhe1 18... Qf5
19. Bg3 Rd5 20. Qe2 Bd6 21. f4 Rb5 22. fxg5 Bxg3 23. hxg3 23... Qxg5 $10) 18...
Qf5 19. Bf1 Bd6 20. Rg1 Qxe5 21. Qxe5 Bxe5 22. Rxe5 Rxh2 23. Rexg5 ({11:-0.46} 
23. Rexg5 23... Re8 24. a3 g6 25. d4 Re3 26. Bg2 Re2 27. Ka2 Kc8 28. Kb3 $15) (
{11:-0.20} 23. Rgxg5 23... g6 24. Be2 Nh5 25. Rg4 f5 26. Rc4 Ng3 27. Bd1 Rd2
28. Bc2 $10) 23... Re8 24. Bg2 g6 25. a3 c6 26. Ka1 ({11:-1.81} 26. Ka1 26...
Nd5 27. Rb1 Re2 28. Bf1 Rd2 29. c4 Ne3 30. Rg1 Kc7 31. Ka2 Nxf1 32. Rbxf1 32...
Rxd3 $19) ({11:-1.31} 26. c4 26... Re3 27. Rd1 Re2 28. Rg1 Rd2 29. f4 Rxd3 30.
f5 Rh5 31. Bf1 Rxg5 32. Rxg5 $17) 26... Nd5 27. Ka2 ({12:-3.23} 27. Ka2 27...
Re2 28. Kb3 Ne3 29. Re5 Rexg2 30. Rxg2 Nxg2 31. Re8+ Kc7 32. Re7+ Kb6 33. Rxf7
Ne1 34. d4 34... Nd3 $19) ({12:-2.46} 27. Rxd5 27... cxd5 28. f4 Rh5 29. Ka2
Kc7 30. Rf1 Kd6 31. c4 dxc4 32. dxc4 Rc5 33. Bd5 $19) 27... Re2 28. Ka1 ({
11:-3.97} 28. Ka1 28... Ne3 29. Bh1 Rxb2 30. Re5 Ra2+ 31. Kb1 Nd5 32. Rxd5 cxd5
33. f4 Rxa3 34. Bxd5 Rxc3 35. Bxf7 $19) ({11:-3.61} 28. a4 28... Nf4 29. Bf1
Rxb2+ 30. Ka3 Ra2+ 31. Kb4 Rhb2+ 32. Kc5 Ne6+ 33. Kd6 Nxg5 34. Rxg5 Rxa4 35.
Re5 $19) 28... Nf4 29. Bf1 Rxb2 30. d4 Ra2+ 31. Kb1 Rhb2+ 32. Kc1 Rf2 33. Kb1
Nd5 34. Rxd5 cxd5 35. c4 Rab2+ 36. Kc1 Rb3 37. f4 Rxa3 38. Kb1 Rb3+ 39. Ka1 Re3
40. Bg2 dxc4 41. Bd5 Ra3+ 42. Kb1 c3 43. Rg2 0-1

[Event "ICS rated blitz match"]
[Site "207.99.83.227"]
[Date "1999.05.15"]
[Round "?"]
[White "Hossa"]
[Black "JudgeTurpin"]
[Result "1/2-1/2"]
[WhiteElo "2531"]
[BlackElo "2673"]
[PlyCount "343"]

1. e4 c6 2. d4 d5 3. Nc3 dxe4 4. Nxe4 Bf5 5. Ng3 Bg6 6. Nf3 Nd7 7. Bd3 e6 8.
Bxg6 hxg6 9. c3 Ngf6 10. O-O Bd6 11. Be3 Qc7 12. Qa4 Nb6 13. Qc2 O-O-O 14. Bg5
Rde8 15. Bxf6 gxf6 16. c4 c5 17. Rad1 cxd4 18. Nxd4 Bxg3 19. fxg3 Qc5 20. Rxf6
e5 21. Rxf7 exd4 22. Qxg6 d3+ 23. Kh1 Qh5 24. Qxh5 Rxh5 25. Kg1 Nxc4 26. Rxd3
Re1+ 27. Kf2 Rc1 28. Rf8+ Kc7 29. Rf7+ Kc6 30. Rdd7 Rxh2 31. Rc7+ Kd5 32. Rfd7+
Ke6 33. Re7+ Kf5 34. g4+ Kf4 35. Rf7+ Ke4 36. Kg3 Rhh1 37. Rxb7 a6 38. Rbe7+
Ne5 39. Rf4+ Kd5 40. Ra4 Nc6 41. Rd7+ Ke6 42. Rd3 Rhe1 43. Rxa6 Re2 44. Rb3
Rcc2 45. Kh3 Kd5 46. Rb5+ Ke4 47. Rb7 Rxg2 48. Kh4 Rh2+ 49. Kg5 Rc5+ 50. Kf6
Rf2+ 51. Kg6 Ne5+ 52. Kg7 Rg2 53. Ra4+ Kd5 54. b3 Nxg4 55. a3 Ne3+ 56. Kf7 Rf2+
57. Kg7 Rc3 58. Rb5+ Kc6 59. Raa5 Nc2 60. a4 Rg3+ 61. Kh6 Rh2+ 62. Rh5 Rxh5+
63. Kxh5 Rxb3 64. Kg6 Nd4 65. Ra7 Ra3 66. a5 Kc5 67. Ra8 Nc6 68. a6 Kd5 69. Kf5
Ra1 70. Kf6 Nb4 71. a7 Nc6 72. Kf7 Nxa7 73. Rd8+ Kc5 74. Rd2 Nc6 75. Rc2+ Kd5
76. Rd2+ Nd4 77. Rf2 Re1 78. Kf6 Ke4 79. Kf7 Ke5 80. Kg6 Rg1+ 81. Kf7 Rb1 82.
Kg6 Rb3 83. Rf1 Rg3+ 84. Kf7 Nf5 85. Re1+ Ne3 86. Re2 Rf3+ 87. Ke7 Ke4 88. Kd7
Rf1 89. Kd8 Rf7 90. Re1 Kd4 91. Ke8 Rc7 92. Re2 Ke4 93. Re1 Rb7 94. Kd8 Rf7 95.
Kc8 Rg7 96. Kb8 Kd4 97. Rc1 Nd5 98. Rd1+ Ke4 99. Re1+ Ne3 100. Re2 Rd7 101. Re1
Rd2 102. Kc7 Kd4 103. Kd7 Ke5+ 104. Ke7 Ke4 105. Kf6 Rg2 106. Ke6 Rg6+ 107. Kf7
Rd6 108. Ke7 Rc6 109. Kd7 Rc2 110. Ke7 Rb2 111. Kd8 Kd4 112. Ra1 Rd2 113. Ke8
Ke4 114. Re1 Rf2 115. Ke7 Kd4 116. Ke6 Rb2 117. Ra1 Rb6+ 118. Kf7 Nd5 119. Rd1+
Ke4 120. Re1+ Ne3 121. Kg8 Kd5 122. Rxe3 Rb7 123. Kh8 Rf7 124. Kg8 Rf2 125. Kh8
Rg2 126. Kh7 Kd6 127. Kh8 Rg1 128. Kh7 Kc5 129. Kh8 Kd5 130. Kh7 Rg2 131. Kh8
Rg4 132. Rf3 Kd4 133. Kh7 Rg2 134. Kh8 Ke5 135. Kh7 Ke6 136. Kh8 Rg4 137. Kh7
Rg1 138. Kh8 Rg2 139. Kh7 Rg5 140. Kh8 Kd5 141. Rh3 Rg1 142. Kh7 Ke4 143. Kh8
Rg2 144. Kh7 Rg4 145. Kh6 Rg1 146. Kh7 Rg2 147. Kh8 Ke5 148. Kh7 Kd4 149. Kh8
Rd2 150. Kg8 Rf2 151. Kh8 Rf1 152. Kg8 Ke5 153. Kg7 Rc1 154. Kh6 Rg1 155. Kh7
Kd4 156. Kh6 Rg2 157. Kh7 Kc4 158. Kh6 Rg4 159. Kh7 Rg5 160. Kh8 Kd4 161. Rh2
Rg1 162. Kh7 Re1 163. Kh8 Ke4 164. Kg8 Re3 165. Kh8 Ke5 166. Kg8 Rf3 167. Kh7
Rg3 168. Kh8 Kf5 169. Kh7 Re3 170. Kh8 Kg4 171. Kg8 Rg3 172. Kh8 {
Game drawn by the 50 move rule} 1/2-1/2

[Event "ICS Rated blitz match"]
[Site "207.99.83.227"]
[Date "1999.05.15"]
[Round "?"]
[White "Hossa"]
[Black "JudgeTurpin"]
[Result "0-1"]
[WhiteElo "2537"]
[BlackElo "2667"]
[Annotator "Crafty v16.6"]
[PlyCount "91"]

{annotating for player ossa using a scoring margin of +0.20 pawns. search time
limit is 1:00} 1. e4 1... c5 2. Nc3 Nc6 3. Nf3 Nf6 4. Bb5 Nd4 5. Ba4 Qa5 6. e5
Nh5 7. O-O ({10:+0.28} 7. O-O 7... g6 8. Bb3 Bg7 9. Nxd4 cxd4 10. Nd5 Qc5 11.
Qe2 O-O 12. Qe4 $10) ({10:+0.58} 7. Nxd4 7... cxd4 8. Qxh5 g6 9. b4 Qxa4 10.
Qxh7 Qxa2 11. Qxh8 Qxa1 12. Ne2 $14) 7... Nf4 8. Re1 e6 9. Re4 Nd5 10. Nxd4
Nxc3 11. dxc3 Qxa4 12. Nxe6 ({11:-1.46} 12. Nxe6 12... Qxe4 13. Nc7+ Kd8 14.
Nxa8 Qxe5 15. Be3 Qb8 16. Qd5 Qxa8 17. Re1 f6 18. Bxc5 Bxc5 19. Qxc5 $17) ({
11:+0.41} 12. b3 12... Qa6 13. Nf3 Qc6 14. Rg4 f5 15. Rc4 Be7 16. Bg5 Bxg5 17.
Nxg5 17... O-O $14) 12... Qxe4 13. Nc7+ Kd8 14. Nxa8 Be7 15. Bd2 ({9:-2.16} 15.
Bd2 15... b6 16. Rc1 Bb7 17. f3 Qd5 18. Nxb6 axb6 19. Qe2 19... Qxa2 $19) ({
9:-1.83} 15. e6 15... b6 16. Nxb6 axb6 17. exf7 Rf8 18. Be3 Rxf7 19. b4 cxb4
20. Bxb6+ $19) 15... b6 16. Qh5 ({10:-2.77} 16. Qh5 16... Bb7 17. f3 Qg6 18.
Qxg6 hxg6 19. Nxb6 axb6 20. Rd1 g5 21. f4 $19) ({10:-2.55} 16. a4 16... Bb7 17.
f3 Qxe5 18. a5 b5 19. Qf1 Bxa8 20. Qxb5 20... Bd5 $19) 16... Bb7 17. f3 Qxc2
18. Bg5 Bxa8 19. Bxe7+ Kxe7 20. Qg5+ Ke8 21. Qxg7 Rf8 22. Qg5 ({11:-4.35} 22.
Qg5 22... Qxb2 23. Qc1 Qe2 24. Qg5 h6 25. Qxh6 Bxf3 26. Qg5 Bd5 27. a4 $19) ({
11:-4.07} 22. b3 22... Qxc3 23. Rf1 Qd4+ 24. Kh1 Qd3 25. Kg1 Qg6 26. Qxg6 fxg6
27. Kf2 Rf5 28. Re1 28... Bd5 $19) 22... Qxb2 23. Qc1 Qxc1+ 24. Rxc1 Rg8 25.
Kf2 Ke7 26. g3 Ke6 27. f4 d6 28. exd6 Kxd6 29. Rd1+ Ke6 30. Re1+ Kd7 31. Rd1+
Ke7 32. Re1+ Kf6 33. Rd1 Re8 34. Rd7 a5 35. Rd6+ Re6 36. Rd8 Be4 37. c4 Bb7 38.
Rd3 Ba6 39. Rc3 Kf5 40. Kf3 Bb7+ 41. Kf2 Ke4 42. Rc1 Kd3 43. Rd1+ Kxc4 44. Rd7
Bd5 45. a3 Re4 46. Rd6 0-1

[Event "ICS rated blitz match"]
[Site "207.99.83.227"]
[Date "1999.05.15"]
[Round "?"]
[White "MarkOrr"]
[Black "Hossa"]
[Result "0-1"]
[WhiteElo "2178"]
[BlackElo "2527"]
[PlyCount "58"]

1. d4 Nf6 2. Bg5 c5 3. Bxf6 exf6 4. d5 Qb6 5. Qc1 f5 6. c4 Be7 7. Nc3 O-O 8. e3
Qg6 9. Nge2 Qg5 10. Nf4 Bd6 11. h4 Qf6 12. g3 Bxf4 13. gxf4 d6 14. Bd3 Qg6 15.
Qc2 Na6 16. a3 Qg4 17. Ne2 Qf3 18. Ng3 b5 19. Kf1 bxc4 20. Be2 Qxd5 21. Bxc4
Qb7 22. Rd1 Rb8 23. Rxd6 Nc7 24. b3 Nb5 25. Rd5 Nxa3 26. Qc1 Nxc4 27. bxc4 Qb1
28. Rd1 Qb3 29. Kg2 29... Rb4 {MarkOrr resigns} 0-1

[Event "ICS rated blitz match"]
[Site "207.99.83.227"]
[Date "1999.05.15"]
[Round "?"]
[White "Hossa"]
[Black "JudgeTurpin"]
[Result "1-0"]
[WhiteElo "2531"]
[BlackElo "2660"]
[PlyCount "147"]

1. e4 e5 2. f4 exf4 3. Nf3 g5 4. Bc4 Bg7 5. h3 d6 6. h4 h6 7. hxg5 hxg5 8. Rxh8
Bxh8 9. Nh2 Nf6 10. Nc3 Be6 11. Be2 c6 12. d4 Qa5 13. Bd2 Qc7 14. Nf3 Nh7 15.
d5 Bg4 16. dxc6 Bxc3 17. Bxc3 Nxc6 18. Qd3 Qb6 19. O-O-O O-O-O 20. Rh1 Nf8 21.
Bf6 Re8 22. Nxg5 Bxe2 23. Qxe2 Nd7 24. Nxf7 Nxf6 25. Nxd6+ Kb8 26. Nxe8 Nxe8
27. Qf3 Qc7 28. Rh8 Qe5 29. Rf8 Kc7 30. Rf7+ Kb8 31. Qxf4 Nd6 32. Qxe5 Nxe5 33.
Rg7 Kc8 34. g3 Nc6 35. Rg4 Ne5 36. Rh4 Kd7 37. Rf4 Ke6 38. a4 Nd7 39. Rg4 Nf6
40. Rg7 Nfxe4 41. a5 Kf6 42. Rg8 Nc4 43. a6 bxa6 44. g4 Ke5 45. g5 Ned6 46. Rg7
Nb5 47. c3 Kf5 48. g6 Kf6 49. Rg8 Nb6 50. Kd2 Nc4+ 51. Kc2 a5 52. b3 Nba3+ 53.
Kc1 Ne3 54. g7 Nac2 55. Kd2 a6 56. Re8 Kxg7 57. Rxe3 Nxe3 58. Kxe3 Kf6 59. Kd4
Kf5 60. c4 a4 61. bxa4 Kf4 62. Kc5 Ke5 63. Kb6 Ke4 64. c5 a5 65. c6 Kd4 66. c7
Ke4 67. c8=Q Kd4 68. Qf5 Kc4 69. Kxa5 Kd4 70. Kb4 Ke3 71. Kc3 Ke2 72. Qf4 Ke1
73. Kd3 Kd1 74. Qf1# {JudgeTurpin checkmated} 1-0